| 000 | 00000nam##2200000za#4500 |
| 001 | 9.699064 |
| 003 | CaOODSP |
| 005 | 20241203113638 |
| 007 | cr ||||||||||| |
| 008 | 150407|2003||||xxc|||||o f|0| 0 eng|d |
| 040 | |aCaOODSP|beng |
| 043 | |an-cn--- |
| 086 | 1 |aEn14-158/2003E-PDF |
| 110 | 1 |aCanada. |bEnvironment Canada. |
| 245 | 10|aSetting Canadian standards for sulphur in heavy and light fuel oils : |h[electronic resource]|bdiscussion paper on meeting the commitments of the Notice of Intent on Cleaner Vehicles, Engines and Fuels |
| 260 | |aOttawa - Ontario : |bEnvironment Canada |cApril 2003. |
| 300 | |a86p.|bgraphs, maps, tables |
| 504 | |aBibliography. |
| 590 | |a14-21-Supp|b2014-12-11 |
| 690 | 07|aAir pollution|2gcpds |
| 690 | 07|aDiesel fuel|2gcpds |
| 775 | 08|tÉtablissement de normes canadiennes pour le soufre dans le mazout lourd et le mazout léger : |w(CaOODSP)9.643103 |
| 856 | 40|ahttp://publications.gc.ca|qPDF|s280 KB|uhttps://publications.gc.ca/collections/collection_2014/ec/En14-158-2003-eng.pdf |